| 000 | 00501nam a2200145 a 4500 | ||
|---|---|---|---|
| 008 | 120416s1972 ||||||||||||||||| || u | ||
| 020 | _a058252444X | ||
| 050 | _aPE 1106 Gra | ||
| 100 | _aQuirk, Randolph | ||
| 245 | 1 | 2 | _aA grammar of contemporary English |
| 260 |
_aHarlow: _bLongman _c1972 |
||
| 350 | _a0.00 | ||
| 650 | _aENGLISH LANGUAGE--GRAMMAR | ||
| 995 |
_D0.00 _FCBU-MAIN LIBRARY (Kitwe) _H1 _I24.95 _M1 _UDAMAGED _ZMain Library Open Access Collection |
||
| 999 |
_c44882 _d44882 |
||